000 00412nam a2200145 a 4500
001 000045265
005 20201002050022.0
008 150219s1963 mx 000 0 spa d
040 _aDO-SdBNP
_bspa
_cBNPHU
100 1 _aBravo Adams, Caridad
_973293
245 1 0 _aCorazón salvaje. /
_cCaridad Bravo Adams.
250 _a5a. ed.
260 _aMéxico, :
_bEditorial Constancia,
_c1963.
300 _a259 p. ;
_c19 cm.
999 _c44754
_d44754